LEADER 01479nam a2200313 u 4500 001 000000053209 003 CaOOAMICUS 005 20070226115532.0 008 001109s1997 it u000 u ita u 020 $a8870232328 035 $a10860752 040 $aPUL$bita 100 1 $aBarbieri, Gianfranco.$0(OLS)http://pul/name/37871 245 10$aDon Carlo Sonzini (1878-1957) :$bintransigenza teologica e presenza sociale in un prete giornalista della prima metà del Novecento /$cGianfranco Barberi. 260 $aMilano :$bNED,$c1997. 300 $a339 p. ;$c24 cm 490 1 $aDissertazione dottorale in teologia ;$v25 500 $aIn testa al front.: Facoltà teologica dell'Italia Settentrionale. 504 $aBibliografia: p. 293-318. 600 14$aSonzini, Carlo,$csac.,$d1878-1957.$0(OLS)http://pul/subject/22023 710 2 $aFacoltà teologica dell'Italia settentrionale.$0(OLS)http://pul/name/10074 830 0$aDissertazione dottorale in teologia ;$v25.$0(OLS)http://pul/title/71352 850 $aPUL 852 $aPUL$W1$xDP1 Tesi Varie$y51$mTH VAR 161$j199577$nBK-PRI$b $qTesi$B70235$CPULBib$Z2$F70235 $82 941 1 $a16 961 $aINV: 82384 996 $6020$a8870232328$9(OLS)http://pul/number/67086 996 $6245$aDon Carlo Sonzini (1878-1957) :$bintransigenza teologica e presenza sociale in un prete giornalista della prima metà del Novecento$9(OLS)http://pul/title/71361 996 $6260$aMilano :$bNED$9(OLS)http://pul/publisher/68515 LEADER 01732nam a2200349 u 4500 001 000000061092 003 CaOOAMICUS 005 20070226121003.0 008 010830s1967 fr u000 u fre u 035 $a10900732 040 $aPUL(R)$bita 041 1 $afre$hlat 245 02$aL'adaptation et la rénovation de la vie religieuse :$bdécret "Perfectae caritatis" /$ccommentaires par G. Huyghe ... [et al.] ; sous la direction de J. M. R. Tillard et Y. Congar ; texte latin, et traduction Française par J. M. R. Tillard. 246 34$aVatican II 260 $aParis :$bLes Éditions du Cerf,$c1966. 300 $a325 p. ;$c23 cm 490 1 $aUnam Sanctam ;$v62 504 $aBibliografia in nota. 611 24$aConcilium Vaticanum$n(2 :$d1962-1965)$tPerfectae caritatis.$0(OLS)http://pul/subject/23418 650 4$aChiesa.$0(OLS)http://pul/subject/2116 650 4$aCristianesimo e altre religioni.$0(OLS)http://pul/subject/268 700 1 $aTillard, J.-M.-R.$q(Jean-Marie-Roger),$cO.P.,$d1927-2000.$0(OLS)http://pul/name/21786 700 1 $aHuyghe, G.$0(OLS)http://pul/name/41695 700 1 $aCottier, Georges,$cO.P.,$d1922-$0(OLS)http://pul/name/185 830 0$aUnam Sanctam ;$v62.$0(OLS)http://pul/title/230 850 $aPUL 852 $aPUL$W1$xSL Religione 2$y84$mTheol A10 62$j79666$nBK-PRI$b $qStampati altre collocazioni$B79666$CPULBib$Z2$F79666 $H $81 941 1 $a10 961 $aINV: 28441 996 $6245$aL'adaptation et la rénovation de la vie religieuse :$bdécret "Perfectae caritatis"$9(OLS)http://pul/title/81596 996 $6246$aVatican II$9(OLS)http://pul/title/9500 996 $6260$aParis :$bLes Éditions du Cerf$9(OLS)http://pul/publisher/47861